000 00337nam a22001457a 4500
003 OSt
005 20240112124734.0
008 240112b |||||||| |||| 00| 0 eng d
040 _cIIMT UNIVERSITY
100 _aGEETA, PRESS
245 _aSTROT RATNAWALI
260 _aGORAKHPUR
_bGEETA PRESS
_cS.2044
300 _a316
942 _2ddc
_c09
999 _c57980
_d57980